000 00345nam a22001577a 4500
003 SGT
020 _a9788131521007
082 _a616.89,KEA
100 _aKEARNEY CHRISTOPHER.A
245 _aABNORMAL PYCHOLOGY
250 _a1ST
260 _aNEW DELHI
_bCENGAGE LERNING
_c2013
300 _a482
650 _aPSYCHOLOGY
942 _2ddc
_cBK
999 _c22910
_d22910